000 00545nam a22002177a 4500
003 UA-OsUOA
001 135448
007 ta
008 20190204b un ||||| |||| 00| 0 ukr d
100 _aЛиховид І.
090 _a02
_bЛ65
942 _cSA
040 _aUA-OsUOA
_bukr
_cUA-OsUOA
_dUA-OsUOA
245 _a"Завдання бібліотеки - збирати людей".
300 _aС.8
955 _a0
041 _aukr
080 _a02
773 0 _w135446
650 7 _a02 Бібліотечна справа
_2UDC
999 _c408910
_d408910